000 00388pab a2200157 454500
008 180718b1999 xxu||||| |||| 00| 0 eng d
100 _aGill, Stephen
245 _aThe geopolitics of the Asian crisis
260 _c1999
300 _ap.1-10
362 _aMar
650 _aEconomic recession - Asia
650 _aEconomic recession
773 _aReview of the Month
909 _a41511
999 _c41511
_d41511